[Event "II Festival Francophone des Echecs"]
[Site "Arvier ITA"]
[Date "2010.07.05"]
[Round "4"]
[White "Xia, Jie"]
[Black "Petkov, Vladimir"]
[Result "0-1"]
[WhiteElo "2201"]
[BlackElo "2496"]
[PlyCount "44"]
[EventDate "2010.07.03"]

1. d4 Nf6 2. Nf3 c5 3. e3 g6 4. c3 b6 5. Bd3 Bg7 6. Qe2 O-O 7. e4 cxd4 8. cxd4
Nc6 9. a3 d5 10. e5 Ne4 11. b4 Bg4 12. Bb2 f6 13. Bxe4 dxe4 14. Qxe4 Bxf3 15.
gxf3 Rc8 16. O-O fxe5 17. dxe5 e6 18. Re1 Rf5 19. f4 Qh4 20. Bc1 Nxe5 21. fxe5
Qxf2+ 22. Kh1 Rxe5 0-1

[Event "II Festival Francophone des Echecs"]
[Site "Arvier ITA"]
[Date "2010.07.05"]
[Round "4"]
[White "Yeuillaz, Corrado"]
[Black "Frank, Albert"]
[Result "1-0"]
[WhiteElo "2199"]
[BlackElo "1925"]
[PlyCount "137"]
[EventDate "2010.07.03"]

1. d4 e6 2. c4 b6 3. Nf3 d6 4. Nc3 Nd7 5. e4 Bb7 6. Be2 Ne7 7. O-O h6 8. Qc2 g6
9. Be3 Bg7 10. Rad1 Qc8 11. Ne1 O-O 12. f4 f5 13. e5 d5 14. Rc1 a6 15. b4 c5
16. bxc5 bxc5 17. Qb3 cxd4 18. Bxd4 Nc6 19. Bb6 d4 20. Na4 Re8 21. Nf3 Rb8 22.
c5 Bf8 23. Bc4 Kf7 24. Qd1 Nxb6 25. cxb6 Rd8 26. Qe2 Qd7 27. Rfd1 Ba3 28. Rb1
Na5 29. Rxd4 Qc6 30. Bb3 Nxb3 31. axb3 Bc5 32. Nxc5 Qxc5 33. Qf2 Rxd4 34. Qxd4
Qxd4+ 35. Nxd4 Bd5 36. b4 Rxb6 37. Kf2 Ke7 38. g3 Kd7 39. Ke3 Rb7 40. Kd2 Be4
41. Rb2 Bd5 42. Nb3 Bxb3 43. Rxb3 Kc6 44. Rd3 Kb5 45. Rd4 Rc7 46. Rd6 Re7 47.
Kc3 Rc7+ 48. Kb3 Re7 49. Rd8 g5 50. Rh8 gxf4 51. gxf4 Rg7 52. Rxh6 Rg4 53. Rxe6
Rxf4 54. Rf6 Rf3+ 55. Kc2 Kxb4 56. Rxa6 Kc4 57. h4 Rf2+ 58. Kd1 Rh2 59. e6 Rb2
60. e7 Rb8 61. Re6 Re8 62. h5 Kd5 63. Re2 f4 64. Ke1 f3 65. Re3 Kd4 66. Kf2 Kd5
67. h6 Kd6 68. h7 Kd7 69. Rxf3 1-0

[Event "II Festival Francophone des Echecs"]
[Site "Arvier ITA"]
[Date "2010.07.06"]
[Round "5"]
[White "Aral, Simone"]
[Black "Bernard, Nicolas"]
[Result "1/2-1/2"]
[WhiteElo "1449"]
[BlackElo "2084"]
[PlyCount "73"]
[EventDate "2010.07.03"]

1. d4 Nf6 2. c4 g6 3. Nf3 Bg7 4. Nc3 d6 5. e3 O-O 6. Be2 Nbd7 7. Qc2 e5 8. O-O
Re8 9. Bd3 Qe7 10. dxe5 dxe5 11. e4 c6 12. Be3 Nc5 13. Rfd1 a5 14. a4 Ng4 15.
Bxc5 Qxc5 16. h3 Nf6 17. Nd2 Nh5 18. Nb3 Qe7 19. Ne2 Nf4 20. Nxf4 exf4 21. Nd2
Qc5 22. Nf3 Be6 23. Rab1 Red8 24. b3 h6 25. Qe2 Be5 26. Nxe5 Qxe5 27. Qe1 c5
28. f3 b6 29. Qh4 Kh7 30. Qf2 Rd4 31. Rb2 Rad8 32. Rbd2 g5 33. Bb1 Rxd2 34.
Rxd2 Rxd2 35. Qxd2 Qd4+ 36. Qxd4 cxd4 37. Bd3 1/2-1/2

[Event "II Festival Francophone des Echecs"]
[Site "Arvier ITA"]
[Date "2010.07.06"]
[Round "5"]
[White "Astengo, Marcello"]
[Black "Yeuillaz, Corrado"]
[Result "0-1"]
[WhiteElo "2071"]
[BlackElo "2199"]
[PlyCount "90"]
[EventDate "2010.07.03"]

1. d4 g6 2. e4 Bg7 3. Be3 d6 4. Nd2 Nf6 5. Be2 c6 6. h3 Nbd7 7. Ngf3 O-O 8. O-O
e5 9. dxe5 dxe5 10. c3 Qe7 11. Qc2 h6 12. Rad1 Ne8 13. Nb3 b6 14. Nh2 Ndf6 15.
Rd2 Kh7 16. Rfd1 Bb7 17. f3 Nc7 18. Bf2 Rad8 19. Nf1 Nh5 20. Ne3 Nf4 21. Bf1
Bc8 22. a4 Rxd2 23. Qxd2 Be6 24. Nc1 h5 25. Kh2 Bc8 26. Qd6 Qxd6 27. Rxd6 Bb7
28. Nc4 Nfe6 29. Nd3 f6 30. Nb4 Rd8 31. Rxd8 Nxd8 32. Nd6 c5 33. Nxb7 Nxb7 34.
Nc6 a5 35. Ne7 Nd6 36. Nc6 Nb7 37. Nb8 Nd6 38. Nd7 Na8 39. Bd3 Kg8 40. b4 axb4
41. cxb4 c4 42. Be2 c3 43. Nxb6 c2 44. Be3 Nxb6 45. a5 Bh6 0-1

[Event "II Festival Francophone des Echecs"]
[Site "Arvier ITA"]
[Date "2010.07.06"]
[Round "5"]
[White "Bosticardo, Tommaso"]
[Black "Coqueraut, Lodewyk"]
[Result "0-1"]
[WhiteElo "1553"]
[BlackElo "1789"]
[PlyCount "92"]
[EventDate "2010.07.03"]

1. d4 d5 2. c4 e6 3. Nc3 c6 4. Nf3 Bd6 5. e3 Nd7 6. Bd3 dxc4 7. Bxc4 Nb6 8. Bd3
f5 9. O-O Nf6 10. a4 O-O 11. a5 Nbd5 12. Bd2 Qe8 13. Qc2 Nb4 14. Qb1 Nxd3 15.
Qxd3 Kh8 16. e4 fxe4 17. Nxe4 Nxe4 18. Qxe4 Qh5 19. h3 Bd7 20. Ne5 Qe8 21. Rfe1
Bxe5 22. Qxe5 Rf5 23. Qc7 Rb5 24. Bc3 Qe7 25. Re2 Rc8 26. Qg3 Rg5 27. Qe3 Rg6
28. Rae1 Re8 29. Qe5 Qh4 30. Re3 Rf8 31. R1e2 Qh6 32. Rg3 Rxg3 33. Qxg3 Qh5 34.
d5 Rg8 35. Re5 Qd1+ 36. Kh2 cxd5 37. Rg5 d4 38. Bb4 Be8 39. Qe5 Qc2 40. Bf8 Bg6
41. Bc5 d3 42. Rxg6 hxg6 43. Qe4 Rc8 44. Bd4 d2 45. Qh4+ Kg8 46. Qe7 Qc7+ 0-1

[Event "II Festival Francophone des Echecs"]
[Site "Arvier ITA"]
[Date "2010.07.06"]
[Round "5"]
[White "Cattaneo, Roger"]
[Black "Pierantoni, Mauro"]
[Result "1-0"]
[WhiteElo "1581"]
[BlackElo "1736"]
[PlyCount "129"]
[EventDate "2010.07.03"]

1. e4 e6 2. d4 d5 3. Nd2 Nf6 4. e5 Nfd7 5. Ngf3 c5 6. c3 Nc6 7. Bd3 Qb6 8. Qb3
Qxb3 9. axb3 cxd4 10. cxd4 Nb4 11. Bb1 Nb6 12. O-O Bd7 13. Rd1 Bb5 14. Nf1 a6
15. Bd2 Be2 16. Re1 Bd3 17. Bxb4 Bxb4 18. Bxd3 Bxe1 19. Rxe1 Rc8 20. N1d2 O-O
21. Nb1 Rc7 22. Kf1 Rfc8 23. Nc3 Nd7 24. Ke2 b5 25. Kd2 Nb6 26. Ra1 Rc6 27. Ne1
f6 28. f4 Rf8 29. Nf3 Nd7 30. Na2 fxe5 31. fxe5 g5 32. h3 h5 33. Nb4 Rb6 34.
Ke3 g4 35. hxg4 hxg4 36. Nh4 g3 37. Nf3 Nb8 38. Rh1 Rb7 39. Rh6 Re7 40. Rg6+
Kf7 41. Rf6+ Kg8 42. Rg6+ Kf7 43. Rxg3 a5 44. Nc2 b4 45. Rg6 Ke8 46. Ng5 Kd7
47. Bb5+ Nc6 48. Bxc6+ Kxc6 49. Nxe6 Rf1 50. Nf4+ Kb7 51. Nd3 Rc7 52. Nce1 Rc6
53. Rg3 Kb6 54. Rf3 Rh1 55. g4 Kb5 56. Rf6 Rg1 57. Rxc6 Kxc6 58. Kf4 Kd7 59.
Kf5 Rf1+ 60. Kg6 Rf8 61. g5 Ke7 62. Kh7 Rf1 63. g6 Rg1 64. g7 Kf7 65. e6+ 1-0

[Event "II Festival Francophone des Echecs"]
[Site "Arvier ITA"]
[Date "2010.07.06"]
[Round "5"]
[White "Cavatorta, Fosco"]
[Black "Brun, Dario"]
[Result "0-1"]
[WhiteElo "1965"]
[BlackElo "2264"]
[PlyCount "70"]
[EventDate "2010.07.03"]

1. d4 d5 2. Nf3 Nf6 3. e3 e6 4. Bd3 c5 5. c3 Nc6 6. Nbd2 Bd6 7. O-O O-O 8. dxc5
Bxc5 9. b4 Bd6 10. Bb2 Qe7 11. a3 Rd8 12. Qc2 e5 13. e4 h6 14. Rfe1 Qc7 15.
Rad1 Bg4 16. exd5 Nxd5 17. c4 Nf4 18. c5 Nxd3 19. cxd6 Qxd6 20. Re3 Nxb2 21.
Qxb2 Bxf3 22. Rxf3 e4 23. Re3 f5 24. Qb3+ Qd5 25. Qb1 Ne5 26. Rc3 Ng4 27. Rc5
Qd6 28. Qb3+ Kh8 29. Qh3 Qf4 30. Rdc1 Qxf2+ 31. Kh1 Qxd2 32. Qh4 e3 33. h3 Nf2+
34. Kg1 Nd3 35. R1c2 Nxc5 0-1

[Event "II Festival Francophone des Echecs"]
[Site "Arvier ITA"]
[Date "2010.07.06"]
[Round "5"]
[White "De Leeuw, Johannes"]
[Black "Belabbas, Abdellah"]
[Result "1-0"]
[WhiteElo "1888"]
[BlackElo "1873"]
[PlyCount "61"]
[EventDate "2010.07.03"]

1. e4 e6 2. d4 c5 3. Nf3 Qc7 4. c3 Nf6 5. Bd3 Nc6 6. O-O b6 7. Re1 d6 8. Nbd2
Be7 9. Nf1 Bb7 10. Ng3 h5 11. Bg5 Ng4 12. Bxe7 Qxe7 13. Bb5 Kf8 14. Qa4 Nd8 15.
Bd3 h4 16. Nf1 Qf6 17. h3 Nh6 18. d5 g5 19. e5 dxe5 20. Nxe5 Kg7 21. d6 Ng8 22.
Nh2 Qh6 23. Nhg4 Qh5 24. Be4 f5 25. Bxb7 Rb8 26. Bf3 a5 27. Qd7+ Nf7 28. Nh2 g4
29. hxg4 Nf6 30. gxh5 Nxd7 31. Nxd7 1-0

[Event "II Festival Francophone des Echecs"]
[Site "Arvier ITA"]
[Date "2010.07.06"]
[Round "5"]
[White "Efimov, Igor"]
[Black "Arnaudov, G. Petar"]
[Result "0-1"]
[WhiteElo "2444"]
[BlackElo "2423"]
[PlyCount "56"]
[EventDate "2010.07.03"]

1. d4 Nf6 2. c4 Nc6 3. Nf3 e6 4. Nc3 Bb4 5. Bd2 O-O 6. Qc2 d6 7. O-O-O Qe7 8.
e3 a5 9. h3 e5 10. g4 Bxc3 11. Bxc3 Nb4 12. Qb1 b6 13. dxe5 dxe5 14. Nxe5 Bb7
15. f3 Rfd8 16. Be2 Nd7 17. Rxd7 Rxd7 18. a3 Rdd8 19. axb4 axb4 20. Bd4 c5 21.
Nxf7 cxd4 22. Nxd8 Qxe3+ 23. Kd1 Rxd8 24. Qc1 Qe7 25. Bd3 Bxf3+ 26. Kc2 Bxh1
27. Qxh1 Qe3 28. Qd1 Rf8 0-1

[Event "II Festival Francophone des Echecs"]
[Site "Arvier ITA"]
[Date "2010.07.06"]
[Round "5"]
[White "Fossati, Remigio"]
[Black "Xia, Jie"]
[Result "1/2-1/2"]
[WhiteElo "2233"]
[BlackElo "2201"]
[PlyCount "40"]
[EventDate "2010.07.03"]

1. d4 Nf6 2. Nf3 d6 3. g3 Nbd7 4. Bg2 g6 5. b3 Bg7 6. Bb2 O-O 7. O-O e5 8. dxe5
Ng4 9. c4 Ngxe5 10. Nxe5 Nxe5 11. Qd2 Nc6 12. Bxg7 Kxg7 13. Nc3 Be6 14. Rfd1
Qe7 15. Nd5 Bxd5 16. cxd5 Nb8 17. Rac1 Na6 18. b4 Rfe8 19. e3 Rac8 20. a3 Kg8
1/2-1/2

[Event "II Festival Francophone des Echecs"]
[Site "Arvier ITA"]
[Date "2010.07.06"]
[Round "5"]
[White "Frank, Albert"]
[Black "Chiarotto, Filippo"]
[Result "0-1"]
[WhiteElo "1925"]
[BlackElo "2097"]
[PlyCount "102"]
[EventDate "2010.07.03"]

1. e4 c5 2. Nf3 a6 3. c3 e6 4. d4 d5 5. e5 Bd7 6. Bd3 cxd4 7. cxd4 Bb5 8. Bxb5+
axb5 9. O-O Nc6 10. Qe2 Qb6 11. Nc3 b4 12. Qb5 Qxb5 13. Nxb5 Kd7 14. Bd2 Be7
15. a3 bxa3 16. bxa3 Nh6 17. Rfb1 Rhb8 18. Bg5 Bxg5 19. Nxg5 f6 20. exf6 gxf6
21. Nxe6 Kxe6 22. Nc7+ Kd6 23. Nxa8 b5 24. Rb2 Nf5 25. a4 b4 26. a5 Rxa8 27.
Kf1 Nfxd4 28. a6 Ra7 29. Ke1 Kc5 30. f4 Kb5 31. Kd2 Rxa6 32. Rxa6 Kxa6 33. Ra2+
Kb7 34. g4 b3 35. Rb2 Kb6 36. h4 Kc5 37. h5 Kc4 38. Ke3 Nc2+ 39. Kd2 N6d4 40.
h6 Ne6 41. g5 fxg5 42. f5 Nd8 43. Rb1 Nf7 44. Rg1 Nd4 45. Rc1+ Kb4 46. Rc7 Nxh6
47. f6 Nf3+ 48. Ke3 Ne5 49. Rb7+ Kc3 50. Rxh7 Nhg4+ 51. Ke2 Nxf6 0-1

[Event "II Festival Francophone des Echecs"]
[Site "Arvier ITA"]
[Date "2010.07.06"]
[Round "5"]
[White "Manni, Stefano"]
[Black "Biancotti, Alessandro"]
[Result "1-0"]
[WhiteElo "1993"]
[BlackElo "1895"]
[PlyCount "91"]
[EventDate "2010.07.03"]

1. e4 c5 2. Nf3 d6 3. Bb5+ Bd7 4. Bxd7+ Qxd7 5. c4 Nc6 6. Nc3 g6 7. d4 cxd4 8.
Nxd4 Bg7 9. Nde2 Nf6 10. O-O O-O 11. f3 Rac8 12. Bg5 Qd8 13. Qd2 Qa5 14. b3
Rfe8 15. Rac1 a6 16. Rfd1 Ne5 17. Kh1 Nc6 18. h3 Kh8 19. Qf4 Qe5 20. Qe3 Qa5
21. Nd5 Nd7 22. a4 Qc5 23. Qd2 Qa3 24. Rb1 Qc5 25. b4 Qa7 26. Nxe7 Nxe7 27.
Qxd6 f6 28. Bh4 Rcd8 29. Qc7 Qe3 30. Rxd7 Rc8 31. Qxb7 Rb8 32. Qc7 Rbc8 33. Qd6
Qxe2 34. Rxe7 Red8 35. Qe6 g5 36. Bg3 h6 37. e5 f5 38. Qf7 Rg8 39. Qxf5 Rxc4
40. Re1 Qd2 41. Rd7 Qxb4 42. e6 Rcc8 43. Qg6 Qc3 44. Red1 Rce8 45. Rxg7 Qxg7
46. Be5 1-0

[Event "II Festival Francophone des Echecs"]
[Site "Arvier ITA"]
[Date "2010.07.06"]
[Round "5"]
[White "Marguerettaz, Davy"]
[Black "Dritsakos, Alessio"]
[Result "1-0"]
[WhiteElo "2092"]
[BlackElo "1930"]
[PlyCount "79"]
[EventDate "2010.07.03"]

1. e4 e5 2. Bc4 Nf6 3. d4 exd4 4. Nf3 Nc6 5. O-O d6 6. Nxd4 Ne5 7. Bb3 Be7 8.
Nc3 Bg4 9. f3 Bd7 10. Kh1 O-O 11. Qe1 c5 12. Nde2 c4 13. f4 cxb3 14. fxe5 dxe5
15. axb3 Bc6 16. Ng3 Re8 17. Nf5 Qc7 18. Nxe7+ Rxe7 19. Bg5 Re6 20. Bxf6 Rxf6
21. Rxf6 gxf6 22. Qh4 Kg7 23. Rf1 Qd6 24. Ne2 Rg8 25. Ng3 Bd7 26. Nh5+ Kf8 27.
Qxf6 Be6 28. Qh6+ Ke7 29. Qxh7 Qa6 30. c4 Rg6 31. Ng3 Qa2 32. Qh4+ Ke8 33. Qh8+
Ke7 34. Qxe5 Qxb3 35. Nf5+ Kd8 36. Qb8+ Bc8 37. Nd6 Rxd6 38. Qxd6+ Ke8 39. Rd1
f6 40. e5 1-0

[Event "II Festival Francophone des Echecs"]
[Site "Arvier ITA"]
[Date "2010.07.06"]
[Round "5"]
[White "Montani, Riccardo"]
[Black "Labarthe, Arnaud"]
[Result "1-0"]
[WhiteElo "1870"]
[BlackElo "1883"]
[PlyCount "65"]
[EventDate "2010.07.03"]

1. Nf3 Nc6 2. e4 d5 3. exd5 Qxd5 4. Nc3 Qa5 5. Nb5 Kd8 6. h3 a6 7. Nc3 Ne5 8.
Be2 Nxf3+ 9. Bxf3 Qe5+ 10. Ne2 Nf6 11. d4 Qa5+ 12. c3 e6 13. Be3 Nd5 14. Bd2
Qb5 15. Qc2 Bd6 16. c4 Qd7 17. cxd5 exd5 18. Bxd5 c6 19. Bf3 f6 20. Rd1 g5 21.
d5 c5 22. Ba5+ Ke7 23. Ng3 Kf7 24. O-O Qb5 25. Bc3 Qc4 26. b3 Qf4 27. Qd2 Be5
28. Bxe5 fxe5 29. Qxf4+ gxf4 30. Ne4 Bd7 31. Nxc5 Bb5 32. Rfe1 Rac8 33. Nxb7
1-0

[Event "II Festival Francophone des Echecs"]
[Site "Arvier ITA"]
[Date "2010.07.06"]
[Round "5"]
[White "Mossong, Hubert"]
[Black "Mongelli, Francesco Saverio"]
[Result "1-0"]
[WhiteElo "2170"]
[BlackElo "1329"]
[PlyCount "79"]
[EventDate "2010.07.03"]

1. e4 e6 2. d3 d5 3. Nd2 c5 4. Ngf3 dxe4 5. dxe4 Nc6 6. c3 e5 7. Qc2 Nf6 8. Be2
Be7 9. O-O Be6 10. Bc4 Bxc4 11. Nxc4 Qc7 12. Bg5 h6 13. Bxf6 Bxf6 14. Ne3 Bg5
15. Nd5 Qa5 16. b4 cxb4 17. cxb4 Nxb4 18. Qc3 Nc6 19. Qxa5 Nxa5 20. Nc7+ Kd7
21. Nxa8 Rxa8 22. Nxe5+ Ke6 23. Nd3 b6 24. f4 Be7 25. Rac1 Kd7 26. Rfd1 Ke8 27.
Kf1 Rd8 28. Ke2 b5 29. Rc7 a6 30. Ne5 Rxd1 31. Kxd1 Bd6 32. Ra7 Bxe5 33. fxe5
Nc4 34. Rxa6 Ne3+ 35. Kd2 Nc4+ 36. Ke2 Nxe5 37. Rb6 Ng4 38. h3 Nf6 39. Rxb5
Nxe4 40. Re5+ 1-0

[Event "II Festival Francophone des Echecs"]
[Site "Arvier ITA"]
[Date "2010.07.06"]
[Round "5"]
[White "Petkov, Vladimir"]
[Black "Barletta, Mauro"]
[Result "1-0"]
[WhiteElo "2496"]
[BlackElo "2212"]
[PlyCount "105"]
[EventDate "2010.07.03"]

1. d4 d5 2. c4 Nc6 3. Nc3 Nf6 4. Bf4 Bg4 5. Nf3 e6 6. e3 Bb4 7. Rc1 O-O 8. Be2
dxc4 9. Bxc4 Nd5 10. Bg3 e5 11. dxe5 Nxc3 12. bxc3 Qxd1+ 13. Kxd1 Ba3 14. Rc2
Rfe8 15. Be2 Bxf3 16. gxf3 Nxe5 17. Rd2 Rad8 18. Rxd8 Rxd8+ 19. Kc2 f6 20. h4
a6 21. h5 h6 22. Rh4 Bc5 23. Re4 Bd6 24. f4 Nf7 25. Ra4 Bc5 26. e4 Re8 27. e5
Kf8 28. Bf3 fxe5 29. Bxb7 exf4 30. Rxf4 Bd6 31. Rf5 Bxg3 32. fxg3 Re6 33. Ra5
Re3 34. Bxa6 Rxg3 35. Rc5 Rg5 36. Rxg5 hxg5 37. Kd3 Ke7 38. Ke4 Nd6+ 39. Ke5
Kd7 40. Be2 Kc6 41. Ke6 Kc5 42. Ke7 Kd5 43. Kf8 Nf5 44. Bg4 Ke5 45. a4 Kf6 46.
a5 Nd6 47. Bd7 Nc4 48. a6 c5 49. a7 Nb6 50. Bg4 Na8 51. Be2 Nc7 52. Bf3 c4 53.
Kg8 1-0

[Event "II Festival Francophone des Echecs"]
[Site "Arvier ITA"]
[Date "2010.07.06"]
[Round "5"]
[White "Scalcione, Michelangelo"]
[Black "Suba, Mihai"]
[Result "0-1"]
[WhiteElo "2352"]
[BlackElo "2454"]
[PlyCount "76"]
[EventDate "2010.07.03"]

1. Nf3 c5 2. c4 Nf6 3. Nc3 e6 4. e4 Nc6 5. Bd3 g6 6. h3 d6 7. a3 Bg7 8. b4 O-O
9. Rb1 d5 10. exd5 exd5 11. O-O dxc4 12. Bxc4 Bf5 13. d3 cxb4 14. axb4 a6 15.
b5 Na5 16. Nh4 Bc8 17. Qf3 Nxc4 18. dxc4 Nd7 19. bxa6 Rxa6 20. g3 Ne5 21. Qe2
Bxh3 22. Rd1 Qc8 23. Nd5 Re8 24. Be3 Nxc4 25. Ne7+ Rxe7 26. Qxc4 Rc6 27. Qb4
Bf8 28. Bg5 Rd7 29. Rxd7 Bxb4 30. Rd8+ Qxd8 31. Bxd8 Rc4 32. Bf6 b6 33. Bd8 b5
34. Bf6 Bd7 35. Nf3 Bf5 36. Rd1 Bf8 37. Ne5 Rc8 38. Rd5 Rc1+ 0-1

[Event "II Festival Francophone des Echecs"]
[Site "Arvier ITA"]
[Date "2010.07.07"]
[Round "6"]
[White "Arnaudov, G. Petar"]
[Black "Yeuillaz, Corrado"]
[Result "1-0"]
[WhiteElo "2423"]
[BlackElo "2199"]
[PlyCount "90"]
[EventDate "2010.07.03"]

1. d4 g6 2. c4 Bg7 3. Nc3 d6 4. e4 Nf6 5. h3 O-O 6. Nf3 Na6 7. Bg5 c6 8. Be2
Qa5 9. O-O e5 10. d5 c5 11. Ne1 h6 12. Bd2 Qd8 13. a3 Nc7 14. Nd3 Qe7 15. b4
Nfe8 16. Be3 b6 17. Qd2 Kh7 18. Rad1 f5 19. exf5 gxf5 20. f3 Qf6 21. Rc1 f4 22.
Bf2 Qg6 23. Kh2 Bf6 24. Rg1 Rg8 25. Ne4 Be7 26. bxc5 bxc5 27. Nexc5 Qh5 28. Ne4
Bf5 29. Nxf4 exf4 30. Qxf4 Bg6 31. g4 Qe5 32. Qxe5 dxe5 33. Rgd1 Bxa3 34. Ra1
Bb4 35. Bd3 Rf8 36. Kg2 a5 37. Bg3 Nd6 38. Bxe5 Nxe4 39. fxe4 Na6 40. Bd4 Rad8
41. e5 Rf4 42. Bxg6+ Kxg6 43. e6 Nc7 44. Rac1 Nxd5 45. cxd5 Rxd5 1-0

[Event "II Festival Francophone des Echecs"]
[Site "Arvier ITA"]
[Date "2010.07.07"]
[Round "6"]
[White "Barletta, Mauro"]
[Black "Astengo, Marcello"]
[Result "0-1"]
[WhiteElo "2212"]
[BlackElo "2071"]
[PlyCount "96"]
[EventDate "2010.07.03"]

1. e4 e6 2. d4 d5 3. e5 c5 4. c3 Nc6 5. Nf3 Qb6 6. Be2 Bd7 7. O-O Rc8 8. dxc5
Bxc5 9. b4 Bf8 10. Bd3 Nge7 11. Qe2 a6 12. a3 Ng6 13. h4 Qd8 14. g3 Nge7 15.
Nbd2 Na7 16. c4 dxc4 17. Nxc4 Nd5 18. Bg5 Qc7 19. Rac1 Qb8 20. Nfd2 b5 21. Ne3
Nc3 22. Rxc3 Rxc3 23. Ne4 Rxa3 24. Rd1 h6 25. Bf4 Bc6 26. Ng4 Qa8 27. Ngf6+
gxf6 28. Nxf6+ Kd8 29. Be4+ Kc8 30. Qb2 Ra4 31. Qd4 Be7 32. Bxc6 Nxc6 33. Rc1
Rd8 34. Qb6 Qb7 35. Rxc6+ Kb8 36. Qxb7+ Kxb7 37. Rc2 Rxb4 38. Bxh6 a5 39. Bg7
Bf8 40. Bxf8 Rxf8 41. Rd2 a4 42. h5 a3 43. Ra2 Rb1+ 44. Kg2 b4 45. h6 Rb2 46.
Ra1 a2 47. h7 Rh8 48. Rd1 b3 0-1

[Event "II Festival Francophone des Echecs"]
[Site "Arvier ITA"]
[Date "2010.07.07"]
[Round "6"]
[White "Belabbas, Abdellah"]
[Black "Bosticardo, Tommaso"]
[Result "1-0"]
[WhiteElo "1873"]
[BlackElo "1553"]
[PlyCount "47"]
[EventDate "2010.07.03"]

1. d4 d5 2. e4 dxe4 3. Nc3 Nf6 4. f3 Bf5 5. Bc4 e6 6. Bg5 exf3 7. Nxf3 Be7 8.
Ne5 c6 9. O-O O-O 10. g4 Bxc2 11. Qd2 Bg6 12. h4 Ne4 13. Nxe4 Bxe4 14. Bxe7
Qxe7 15. Qf4 Bd5 16. Bd3 Nd7 17. Nf3 Bxf3 18. Rxf3 Qxh4 19. Kg2 h6 20. Rh1 Qe7
21. Qe4 g6 22. Rxh6 Nf6 23. Qe5 Nh7 24. Rxh7 1-0

[Event "II Festival Francophone des Echecs"]
[Site "Arvier ITA"]
[Date "2010.07.07"]
[Round "6"]
[White "Biancotti, Alessandro"]
[Black "Aral, Simone"]
[Result "1-0"]
[WhiteElo "1895"]
[BlackElo "1449"]
[PlyCount "38"]
[EventDate "2010.07.03"]

1. e4 c5 2. Nf3 e6 3. d4 cxd4 4. Nxd4 a6 5. Be2 Nc6 6. Be3 Nf6 7. Nc3 Bb4 8.
Nxc6 Bxc3+ 9. bxc3 bxc6 10. e5 Nd5 11. Bd4 Qa5 12. Qd2 c5 13. c4 Qxd2+ 14. Kxd2
cxd4 15. cxd5 exd5 16. Kd3 O-O 17. Rab1 f6 18. exf6 Rxf6 19. Bf3 d6 1-0

[Event "II Festival Francophone des Echecs"]
[Site "Arvier ITA"]
[Date "2010.07.07"]
[Round "6"]
[White "Brun, Dario"]
[Black "Marguerettaz, Davy"]
[Result "1-0"]
[WhiteElo "2264"]
[BlackElo "2092"]
[PlyCount "65"]
[EventDate "2010.07.03"]

1. d4 Nf6 2. c4 e6 3. Nc3 Bb4 4. Qc2 Nc6 5. e3 d5 6. Bd2 O-O 7. Bd3 Re8 8. Nf3
dxc4 9. Bxc4 e5 10. dxe5 Nxe5 11. Nxe5 Rxe5 12. Qb3 Qe7 13. Bxf7+ Qxf7 14. Qxb4
Qg6 15. Qc4+ Be6 16. Qxc7 Qxg2 17. O-O-O Nd7 18. f4 Rc5 19. Qd6 Bf5 20. Qd4 Qc6
21. Rhg1 g6 22. b3 b5 23. Kb2 Nf6 24. Rc1 Rc8 25. Rge1 b4 26. Qxb4 Rd8 27. Re2
a5 28. Qa3 Nd5 29. e4 Nxc3 30. Rxc3 Rxc3 31. Bxc3 Bxe4 32. Qe7 Rc8 33. Qg7# 1-0

[Event "II Festival Francophone des Echecs"]
[Site "Arvier ITA"]
[Date "2010.07.07"]
[Round "6"]
[White "Cattaneo, Roger"]
[Black "Frank, Albert"]
[Result "1/2-1/2"]
[WhiteElo "1581"]
[BlackElo "1925"]
[PlyCount "34"]
[EventDate "2010.07.03"]

1. e4 c5 2. Nf3 a6 3. c3 d5 4. e5 Nc6 5. d4 Bg4 6. Be2 e6 7. Be3 cxd4 8. cxd4
Nge7 9. Nbd2 Nf5 10. O-O Be7 11. h3 Bxf3 12. Nxf3 O-O 13. a3 Rc8 14. b4 f6 15.
Qd3 fxe5 16. Nxe5 Nxe5 17. dxe5 Qc7 1/2-1/2

[Event "II Festival Francophone des Echecs"]
[Site "Arvier ITA"]
[Date "2010.07.07"]
[Round "6"]
[White "Chiarotto, Filippo"]
[Black "Xia, Jie"]
[Result "1-0"]
[WhiteElo "2097"]
[BlackElo "2201"]
[PlyCount "49"]
[EventDate "2010.07.03"]

1. Nc3 c5 2. e4 Nc6 3. Nf3 g6 4. d4 cxd4 5. Nxd4 Bg7 6. Be3 Nf6 7. Be2 O-O 8.
O-O d6 9. h3 a6 10. a4 Nxd4 11. Bxd4 Be6 12. a5 Rc8 13. Ra3 Re8 14. Qd2 Qc7 15.
Rc1 Bc4 16. Bf3 Nd7 17. Bxg7 Kxg7 18. Bg4 Be6 19. Nd5 Qc4 20. Bxe6 fxe6 21. Rc3
Qxe4 22. Nc7 Rg8 23. Re1 Qf5 24. Rf3 Qxf3 25. Nxe6+ 1-0

[Event "II Festival Francophone des Echecs"]
[Site "Arvier ITA"]
[Date "2010.07.07"]
[Round "6"]
[White "Coqueraut, Lodewyk"]
[Black "Cavatorta, Fosco"]
[Result "1/2-1/2"]
[WhiteElo "1789"]
[BlackElo "1965"]
[PlyCount "74"]
[EventDate "2010.07.03"]

1. e4 d6 2. Nf3 Bg4 3. b3 Nf6 4. Bd3 Nbd7 5. Bb2 e6 6. Na3 Be7 7. Nc4 O-O 8.
Ne3 Bh5 9. Qe2 Nc5 10. Nf1 Bg6 11. Ng3 d5 12. e5 Nxd3+ 13. cxd3 Nd7 14. d4 c5
15. O-O h5 16. Qe3 c4 17. Rfc1 b5 18. Ne2 Nb6 19. Nf4 a5 20. Nxg6 fxg6 21. Rf1
a4 22. bxa4 b4 23. Ne1 Nxa4 24. Bc1 Qb6 25. Rb1 Rfb8 26. Nc2 b3 27. axb3 cxb3
28. Ba3 Bxa3 29. Nxa3 b2 30. Nc2 Rc8 31. Qd3 Rc4 32. Qxg6 Rac8 33. Ne3 Rxd4 34.
Rxb2 Nxb2 35. Nf5 Rg4 36. Nh6+ Kh8 37. Nf7+ Kg8 1/2-1/2

[Event "II Festival Francophone des Echecs"]
[Site "Arvier ITA"]
[Date "2010.07.07"]
[Round "6"]
[White "De Leeuw, Johannes"]
[Black "Montani, Riccardo"]
[Result "0-1"]
[WhiteElo "1888"]
[BlackElo "1870"]
[PlyCount "76"]
[EventDate "2010.07.03"]

1. e4 c5 2. Nf3 d6 3. c3 Nf6 4. d3 g6 5. Be2 Bg7 6. Bg5 Nc6 7. Na3 a6 8. Nc2 b5
9. Qd2 h6 10. Bxf6 Bxf6 11. d4 Qb6 12. h3 b4 13. O-O a5 14. Rfe1 g5 15. d5 Nb8
16. Ne3 Rg8 17. Ng4 Bg7 18. e5 h5 19. Qxg5 hxg4 20. hxg4 dxe5 21. Nxe5 Qf6 22.
Qxf6 Bxf6 23. f3 Bxe5 24. Bb5+ Bd7 25. Rxe5 Bxb5 26. Rae1 Ra7 27. d6 Na6 28.
cxb4 axb4 29. a3 bxa3 30. bxa3 e6 31. Rb1 Rb7 32. Rc1 Kd7 33. Rexc5 Nxc5 34.
Rxc5 Kxd6 35. Rc3 Ra7 36. Kf2 Rga8 37. Rb3 Bc6 38. Rd3+ Bd5 0-1

[Event "II Festival Francophone des Echecs"]
[Site "Arvier ITA"]
[Date "2010.07.07"]
[Round "6"]
[White "Dritsakos, Alessio"]
[Black "Mossong, Hubert"]
[Result "0-1"]
[WhiteElo "1930"]
[BlackElo "2170"]
[PlyCount "75"]
[EventDate "2010.07.03"]

1. e4 c5 2. Nc3 Nc6 3. g3 g6 4. Bg2 Bg7 5. d3 d6 6. Be3 Nf6 7. Nge2 O-O 8. O-O
e5 9. h3 Nd4 10. g4 Ne8 11. f4 exf4 12. Nxf4 Nc7 13. Ncd5 Nxd5 14. Nxd5 Be6 15.
c3 Nc6 16. Nf4 Qe7 17. Qd2 Rac8 18. b3 b5 19. d4 Nb8 20. Rac1 Rfd8 21. Nxe6
Qxe6 22. d5 Qe7 23. Rf2 Nd7 24. Rcf1 Rf8 25. Bh6 Ne5 26. Bxg7 Kxg7 27. g5 a5
28. Rf6 Nd7 29. Qf4 Ne5 30. h4 Rcd8 31. h5 Kg8 32. Bh3 gxh5 33. Qh4 Ng6 34. Qe1
b4 35. Bf5 Qe5 36. cxb4 axb4 37. Rf3 Ra8 38. Qe2 0-1